00711nam a22002297a 4500003000500000005001700005008004100022010000900063011000900072035000900081040000900090100002400099245014800123260007000271300001000341650002300351650001600374650002000390650002100410650002300431650002700454CHAP20220329133457.0971013s1992 r 00010 d a6837 a7809 a7033 cCHAP00aMorrell, Jeffrey J. aEffect of nutrient regimes, temperature, ph and wood sterilization method on performance of selected bioprotectants against wood staining fungi aSweden:bInternational Research Group on Wood Preservation,c1992 a11 p.14aBacillus subtilis.14aFungicidas.14aMaderaxHongos.14aPinus ponderosa.14aPseudomonas putia.14aTrichoderma harzianum.